Under construction (Record no. 68364)

MARC details
000 -LEADER
fixed length control field 01449cam a2200229 4500
001 - CONTROL NUMBER
control field ABS64524
008 - FIXED-LENGTH DATA ELEMENTS--GENERAL INFORMATION
fixed length control field 010926n2001 000 0 eng u
035 ## - SYSTEM CONTROL NUMBER
System control number (Sirsi) u114833
100 ## - MAIN ENTRY--PERSONAL NAME
Personal name Ward, R.
245 ## - TITLE STATEMENT
Title Under construction
260 ## - PUBLICATION, DISTRIBUTION, ETC.
Date of publication, distribution, etc. 2001
490 ## - SERIES STATEMENT
Series statement Estates Gazette
Volume/sequential designation (0138) 22 September 2001, 188(1)
520 ## - SUMMARY, ETC.
Summary, etc. The chief aim of the Housing Grants, Construction and Regeneration Act 1996 was to speed up the resolution of disputes within the building industry, through the introduction of adjudication. In the first of two articles the authors consider whether Construction Act adjudication can apply to property transactions. Notes that the 1996 Act applies to "construction contracts", but warns that the definition of a construction contract given in the Act is very wide. Also notes that any dispute that arises in a construction contract can be referred to adjudication, and that if a construction contract does not contain its own adjudication provisions a statutory adjudication scheme applies.
590 ## - LOCAL NOTE (RLIN)
Local note ABS
650 ## - SUBJECT ADDED ENTRY--TOPICAL TERM
Topical term or geographic name entry element MANAGEMENT-DISPUTE AVOIDANCE, MANAGEMENT AND RESOLUTION-DISPUTE MANAGEMENT AND RESOLUTION-ALTERNATIVE DISPUTE RESOLUTION-ADJUDICATION
650 ## - SUBJECT ADDED ENTRY--TOPICAL TERM
Topical term or geographic name entry element HOUSING GRANTS CONSTRUCTION AND REGENERATION ACT 1996
650 ## - SUBJECT ADDED ENTRY--TOPICAL TERM
Topical term or geographic name entry element BUILT ENVIRONMENT-BUILDING CONTRACT FORMS
650 ## - SUBJECT ADDED ENTRY--TOPICAL TERM
Topical term or geographic name entry element LANDLORD AND TENANT
9 (RLIN) 6252
690 ## - LOCAL SUBJECT ADDED ENTRY--TOPICAL TERM (OCLC, RLIN)
Topical term or geographic name as entry element Dispute resolution
9 (RLIN) 6236
700 ## - ADDED ENTRY--PERSONAL NAME
Personal name Williams, P.J.G.
942 ## - ADDED ENTRY ELEMENTS (KOHA)
Suppress in OPAC 0
Holdings
Withdrawn status Lost status Source of classification or shelving scheme Damaged status Not for loan Home library Current library Shelving location Date acquired Total Checkouts Full call number Barcode Date last seen Copy number Price effective from Koha item type
    Dewey Decimal Classification     London London Journal article 26/09/2001   ABS64524 114833-1001 06/08/2019 1 06/08/2019 Journal article